000 00439nam a2200193Ia 4500
005 20240823021505.0
008 240823s9999||||xx |||||||||||||| ||und||
020 _a81-203-1411-5
041 _aENGLISH
082 _A158.2 N8
100 _a"Davidson,Jeff"
245 0 _aAssertiveness
250 _a1st
260 _c1998
_b"PHI,New D"
500 _aTRANSFERED
650 _aAssertiveness
_bGeneral
942 _cBK
999 _c177134
_d177134